|
|
|
|
| LEADER |
00763cam a2200229 i 4500 |
| 001 |
0000150691 |
| 005 |
20260209090000.0 |
| 008 |
260209t2003 my a e may |
| 020 |
|
|
|a 9676112569
|q paperback
|c RM12.60
|
| 040 |
|
|
|a RMC
|b eng
|c RMC
|e rda
|
| 090 |
0 |
0 |
|a 153.35
|b YEW
|
| 100 |
1 |
|
|a Yew Kam Keong
|e author
|
| 245 |
1 |
0 |
|a Bebaskan Kreativiti Anda
|c Yew Kam Keong
|
| 264 |
|
1 |
|a Cheras, Kuala Lumpur
|b Utusan Publications & ♭2003
|
| 300 |
|
|
|a 156pages
|b illustrations
|c 22cm
|
| 336 |
|
|
|a text
|2 rdacontent
|
| 337 |
|
|
|a unmediated
|2 rdamedia
|
| 338 |
|
|
|a volume
|2 rdacarrier
|
| 650 |
|
0 |
|a Creative thinking
|
| 650 |
1 |
0 |
|a Creative ability.
|
| 852 |
1 |
|
|a RMC
|
| 999 |
|
|
|a 0000027859
|b Royal Military College
|d BOOKS
|e Rujukan
|f Royal Military College
|j AVAILABLE
|p
|q GOOD CONDITION
|